[Event "Olympiad Women-44"]
[Site "Chennai"]
[Date "2022.08.01"]
[Round "4.3"]
[White "Rovira Contreras, Tairu Manuela"]
[Black "Gueci, Tea"]
[Result "0-1"]
[WhiteElo "2036"]
[BlackElo "2254"]
[PlyCount "96"]
[EventDate "2022.07.29"]
[EventType "team-swiss"]
[EventRounds "11"]
[EventCountry "IND"]
[SourceTitle "CBM 210"]
[Source "ChessBase"]
[SourceDate "2022.10.31"]
[SourceVersion "1"]
[SourceVersionDate "2022.10.31"]
[SourceQuality "1"]
[WhiteTeam "Venezuela (W)"]
[BlackTeam "Italy (W)"]
[WhiteTeamCountry "VEN"]
[BlackTeamCountry "ITA"]

1. d4 d5 2. c4 e6 3. Nf3 Nf6 4. Nc3 c6 5. e3 a6 6. Bd3 dxc4 7. Bxc4 b5 8. Be2 Nbd7 9. 0-0 c5 10. a3 Bb7 11. dxc5 Bxc5 12. b4 Be7 13. Qb3 Nd5 14. Bb2 0-0 15. Rfd1 Qe8 16. Rac1 Rc8 17. Nb1 Rxc1 18. Rxc1 Qa8 19. Bd4 N5b6 20. Qb2 f6 21. Nbd2 e5 22. Bxb6 Nxb6 23. Nb3 Bd5 24. Ne1 Nc4 25. Bxc4 Bxc4 26. Na5 Bd5 27. Qc3 Re8 28. f3 Bd8 29. Nb3 Bb6 30. Kh1 Rd8 31. Nd2 Qa7 32. Nc2 h6 33. Re1 Qb7 34. h3 Rc8 35. Qd3 Rd8 36. Qc3 Qc6 37. Qb2 Rc8 38. Na1 Qc3 39. Qxc3 Rxc3 40. e4 Ba2 41. Nb1 Rc6 42. Rd1 Kf7 43. Kh2 Ke6 44. Kg3 Bd4 45. Nd2 Rd6 46. Nc2 Bc3 47. Nb1 Rxd1 48. Nxc3 Rc1 0-1

[Event "Online Olym Div3 D"]
[Site "Chess.com INT"]
[Date "2020.08.07"]
[Round "1.4"]
[White "Rovira Contreras, Tairu Manuela"]
[Black "Vazquez Maccarini, Danitza"]
[Result "0-1"]
[WhiteElo "2058"]
[BlackElo "2090"]
[PlyCount "124"]
[EventDate "2020.08.07"]
[EventType "team-tourn (rapid)"]
[EventRounds "9"]
[EventCountry "USA"]
[SourceTitle "CBM 198"]
[Source "ChessBase"]
[SourceDate "2020.10.31"]
[SourceVersion "1"]
[SourceVersionDate "2020.10.31"]
[SourceQuality "1"]
[WhiteTeam "Venezuela"]
[BlackTeam "Puerto Rico"]
[WhiteTeamCountry "VEN"]
[BlackTeamCountry "PUR"]

1. Nf3 Nf6 2. b3 e6 3. Bb2 Be7 4. c4 b6 5. g3 Bb7 6. Bg2 0-0 7. 0-0 d5 8. d3 c5 9. e3 Nc6 10. Qe2 Qc7 11. Nbd2 dxc4 12. bxc4 Rad8 13. Rfd1 e5 14. Nh4 Rfe8 15. a3 Bf8 16. Rac1 Na5 17. Bc3 Bxg2 18. Nxg2 Nc6 19. Nb3 Nd4 20. Bxd4 exd4 21. e4 Nd7 22. f4 f5 23. e5 Qc6 24. Nh4 g6 25. Qg2 Qe6 26. Re1 Nb8 27. Nf3 Be7 28. h3 Rf8 29. Ra1 Rf7 30. a4 a5 31. Nbd2 Nc6 32. Nb1 Nb4 33. Qe2 Rg7 34. Na3 g5 35. Kh2 g4 36. Ng1 gxh3 37. Nxh3 Qh6 38. Rg1 Kf7 39. Qf3 Rdg8 40. Rae1 Qe6 41. Nb5 Rc8 42. Qh5+ Qg6 43. Qxg6+ hxg6 44. Nf2 Ke6 45. Re2 Rh7+ 46. Kg2 Rch8 47. Rh1 Rxh1 48. Nxh1 Nxd3 49. Nc7+ Kd7 50. Nd5 Rb8 51. Nf2 Nb4 52. g4 Rb7 53. Kf3 Ke6 54. gxf5+ gxf5 55. Nh3 Nxd5 56. cxd5+ Kxd5 57. Rg2 c4 58. Rg6 c3 59. Ke2 Kc4 60. Rc6+ Bc5 61. Nf2 Rh7 62. e6 Kd5 0-1

[Event "Speed Chess (Women) Q2"]
[Site "Chess.com INT"]
[Date "2020.06.19"]
[Round "9"]
[White "Rovira Contreras, Tairu Manuela"]
[Black "Chen, Yining"]
[Result "1-0"]
[WhiteElo "2058"]
[BlackElo "1745"]
[PlyCount "73"]
[EventDate "2020.06.19"]
[EventType "swiss (blitz)"]
[EventRounds "13"]
[EventCountry "USA"]
[SourceTitle "CBM 196 Extra"]
[Source "ChessBase"]
[SourceDate "2020.07.31"]
[SourceVersion "1"]
[SourceVersionDate "2020.07.31"]
[SourceQuality "1"]

1. d4 Nf6 2. c4 e6 3. Nc3 Bb4 4. Qc2 0-0 5. e3 Bxc3+ 6. Qxc3 b6 7. Nf3 Bb7 8. Be2 d6 9. 0-0 Nbd7 10. b4 Ne4 11. Qc2 Qe7 12. Bb2 c5 13. a3 f5 14. Ne1 a5 15. f3 Nef6 16. bxc5 bxc5 17. Bd3 g6 18. Bc3 e5 19. dxe5 Nxe5 20. Be2 Nc6 21. Qd2 Rad8 22. Rb1 a4 23. Nc2 Ba8 24. Rfe1 d5 25. cxd5 Nxd5 26. Bc4 Qf7 27. e4 fxe4 28. fxe4 Nce7 29. exd5 Bxd5 30. Rf1 Bxc4 31. Rxf7 Rxd2 32. Rxf8+ Kxf8 33. Bxd2 Bd3 34. Rc1 c4 35. Nb4 Nc8 36. Nxd3 cxd3 37. Rc3 1-0

[Event "Speed Chess (Women) Q2"]
[Site "Chess.com INT"]
[Date "2020.06.19"]
[Round "11"]
[White "Rovira Contreras, Tairu Manuela"]
[Black "Hryzlova, Sofiia"]
[Result "0-1"]
[WhiteElo "2058"]
[BlackElo "1940"]
[PlyCount "84"]
[EventDate "2020.06.19"]
[EventType "swiss (blitz)"]
[EventRounds "13"]
[EventCountry "USA"]
[SourceTitle "CBM 196 Extra"]
[Source "ChessBase"]
[SourceDate "2020.07.31"]
[SourceVersion "1"]
[SourceVersionDate "2020.07.31"]
[SourceQuality "1"]

1. d4 Nf6 2. c4 e6 3. g3 c5 4. d5 exd5 5. cxd5 g6 6. Bg2 d6 7. Nc3 Bg7 8. e4 0-0 9. Nge2 Nbd7 10. 0-0 a6 11. a4 c4 12. Be3 Ne5 13. Nf4 Nfg4 14. Bd4 Bd7 15. h3 Nf6 16. Re1 b5 17. Bxe5 dxe5 18. Nfe2 b4 19. Nb1 a5 20. Nd2 Qc8 21. Rc1 Bxh3 22. Rxc4 Qd7 23. Nf3 Ne8 24. Nc1 Bxg2 25. Kxg2 Nd6 26. Rc6 Rfc8 27. Rxc8+ Rxc8 28. Nd3 f6 29. Qb3 Bh6 30. Re2 Rc4 31. Nfe1 Rxe4 32. Nc5 Rxe2 33. Nxd7 Rxe1 34. Nc5 Rc1 35. Ne6 Kf7 36. Qd3 Nc4 37. Nd8+ Ke7 38. Nc6+ Kd6 39. Qf3 f5 40. g4 e4 41. Qh3 Bg5 42. Qh2+ Kxd5 0-1

[Event "Speed Chess (Women) Q2"]
[Site "Chess.com INT"]
[Date "2020.06.19"]
[Round "8"]
[White "Tsotsonava, Elene"]
[Black "Rovira Contreras, Tairu Manuela"]
[Result "1-0"]
[WhiteElo "2012"]
[BlackElo "2058"]
[PlyCount "87"]
[EventDate "2020.06.19"]
[EventType "swiss (blitz)"]
[EventRounds "13"]
[EventCountry "USA"]
[SourceTitle "CBM 196 Extra"]
[Source "ChessBase"]
[SourceDate "2020.07.31"]
[SourceVersion "1"]
[SourceVersionDate "2020.07.31"]
[SourceQuality "1"]

1. e4 e5 2. Nf3 Nc6 3. Bb5 a6 4. Ba4 Nf6 5. 0-0 Be7 6. Re1 b5 7. Bb3 0-0 8. a4 Rb8 9. axb5 axb5 10. c3 d6 11. h3 Be6 12. Bc2 Ne8 13. d4 exd4 14. cxd4 d5 15. exd5 Bxd5 16. Nc3 Bxf3 17. Qxf3 Nxd4 18. Qe4 Nxc2 19. Qxc2 Nd6 20. Nd5 Bf6 21. Bf4 Rb7 22. Nxf6+ Qxf6 23. Be5 Qg6 24. Qc6 Rb6 25. Qxc7 Nc4 26. Bd4 Re6 27. Bc5 Rfe8 28. Rxe6 Qxe6 29. b3 Nd2 30. b4 Nb3 31. Rd1 h6 32. Be3 Qc4 33. Qd7 Rc8 34. Qe7 Ra8 35. Rd8+ Rxd8 36. Qxd8+ Kh7 37. Qe7 Nc1 38. Bxc1 Qxc1+ 39. Kh2 Qf4+ 40. Kg1 g6 41. Qc5 Qf5 42. Qc7 Kg7 43. Qc3+ Kh7 44. Qc7 1-0

[Event "VEN-ch (Women)"]
[Site "Guatire"]
[Date "2020.01.25"]
[Round "2"]
[White "Rovira Contreras, Tairu Manuela"]
[Black "Chghale Perez, Rosmarly Josefina"]
[Result "1-0"]
[WhiteElo "2039"]
[BlackElo "1765"]
[PlyCount "83"]
[EventDate "2020.01.25"]
[EventType "tourn"]
[EventRounds "9"]
[EventCountry "VEN"]
[SourceTitle "CBM 194 Extra"]
[Source "ChessBase"]
[SourceDate "2020.03.31"]
[SourceVersion "1"]
[SourceVersionDate "2020.03.31"]
[SourceQuality "1"]

1. d4 d5 2. c4 e6 3. Nf3 c6 4. e3 Nf6 5. Nc3 Nbd7 6. Bd3 dxc4 7. Bxc4 b5 8. Bd3 Bb7 9. 0-0 a6 10. a4 Qc7 11. e4 b4 12. Ne2 c5 13. Bf4 Qb6 14. a5 Qa7 15. d5 exd5 16. exd5 Bxd5 17. Ng3 g6 18. Re1+ Be7 19. Bc2 h6 20. Bd6 Be6 21. Bxg6 Nf8 22. Bxe7 Qxe7 23. Bc2 N8d7 24. Nf5 Qf8 25. Qd3 c4 26. Qxc4 Qc5 27. Qxc5 Nxc5 28. N3d4 Kd7 29. Rad1 Kc7 30. Nxe6+ Nxe6 31. Nd4 Rhe8 32. Ba4 Nd7 33. Rc1+ Nec5 34. Rxc5+ Nxc5 35. Rxe8 Rxe8 36. Bxe8 f6 37. Bf7 Nb7 38. Nb3 Nd6 39. Bd5 Ne8 40. Bc4 Kc6 41. Bxa6 Nc7 42. Bc4 1-0

[Event "Olympiad Women-43"]
[Site "Batumi"]
[Date "2018.10.03"]
[Round "9.3"]
[White "Molina, Jessica"]
[Black "Rovira Contreras, Tairu Manuela"]
[Result "0-1"]
[WhiteElo "1806"]
[BlackElo "2033"]
[PlyCount "100"]
[EventDate "2018.09.24"]
[EventType "team-swiss"]
[EventRounds "11"]
[EventCountry "GEO"]
[SourceTitle "EXT 2020"]
[Source "ChessBase"]
[SourceDate "2019.10.17"]
[SourceVersion "1"]
[SourceVersionDate "2019.10.17"]
[SourceQuality "1"]
[WhiteTeam "Bolivia (W)"]
[BlackTeam "Venezuela (W)"]
[WhiteTeamCountry "BOL"]
[BlackTeamCountry "VEN"]

1. d4 Nf6 2. c4 g6 3. Nc3 Bg7 4. e4 d6 5. f3 0-0 6. Be3 c5 7. d5 e6 8. Nge2 exd5 9. cxd5 Qa5 10. Qd2 Nbd7 11. Ng3 h5 12. Be2 a6 13. 0-0 b5 14. a4 b4 15. Nd1 Kh7 16. Bg5 Ng8 17. f4 f6 18. Bh4 Bh6 19. Qd3 Qb6 20. Kh1 a5 21. b3 Ba6 22. Qc2 Rae8 23. Ne3 Bxe2 24. Nxe2 f5 25. Nc4 Qc7 26. Ng3 fxe4 27. Nxe4 Bxf4 28. Rxf4 Rxf4 29. Ng5+ Kg7 30. Bg3 Rf6 31. Ne4 Ne5 32. Bxe5 dxe5 33. d6 Qd8 34. Nxf6 Nxf6 35. Re1 Ng4 36. Qe2 e4 37. h3 Nh6 38. Qb2+ Kh7 39. Qf2 Qg5 40. Rd1 Nf5 41. d7 Rd8 42. Kh2 e3 43. Qf3 Qe7 44. g4 e2 45. Re1 Nd4 46. Qg3 h4 47. Qg2 Rxd7 48. Nxa5 Qe3 49. Kh1 Qc3 50. Qf2 Qxh3+ 0-1

[Event "Olympiad Women-43"]
[Site "Batumi"]
[Date "2018.09.27"]
[Round "4.53"]
[White "Rovira Contreras, Tairu Manuela"]
[Black "Gjergji, Rozana"]
[Result "1-0"]
[WhiteElo "2033"]
[BlackElo "1924"]
[PlyCount "68"]
[EventDate "2018.09.24"]
[EventType "team-swiss"]
[EventRounds "11"]
[EventCountry "GEO"]
[SourceTitle "EXT 2020"]
[Source "ChessBase"]
[SourceDate "2019.10.17"]
[SourceVersion "1"]
[SourceVersionDate "2019.10.17"]
[SourceQuality "1"]
[WhiteTeam "Venezuela (W)"]
[BlackTeam "Albania (W)"]
[WhiteTeamCountry "VEN"]
[BlackTeamCountry "ALB"]

1. d4 Nf6 2. Nf3 d5 3. e3 e6 4. Bd3 Bd6 5. c4 dxc4 6. Bxc4 b6 7. Nc3 Bb7 8. 0-0 0-0 9. Bd3 Nbd7 10. e4 e5 11. d5 h6 12. a3 a5 13. Bb5 Rc8 14. Re1 Qe7 15. Nh4 Rfd8 16. Nf5 Qf8 17. Qf3 c6 18. dxc6 Bxc6 19. Qh3 Kh7 20. Bg5 Be7 21. Ba6 Ra8 22. Bc4 Ng8 23. Be3 g6 24. Nxe7 Nxe7 25. f4 Qg7 26. Rad1 Rab8 27. a4 Nc5 28. Rxd8 Rxd8 29. fxe5 Nxa4 30. Rf1 Rf8 31. Nd5 Ng8 32. Nf6+ Kh8 33. Nxg8 Rxg8 34. Rxf7 Rf8 1-0

[Event "VEN-ch (Women)"]
[Site "Santo Domingo"]
[Date "2018.01.14"]
[Round "11"]
[White "Hernandez Bonilla, Amelia"]
[Black "Rovira Contreras, Tairu Manuela"]
[Result "1-0"]
[WhiteElo "2079"]
[BlackElo "2061"]
[PlyCount "67"]
[EventDate "2018.01.09"]
[EventType "tourn"]
[EventRounds "11"]
[EventCountry "VEN"]
[SourceTitle "CBM 182 Extra"]
[Source "ChessBase"]
[SourceDate "2018.02.23"]
[SourceVersion "1"]
[SourceVersionDate "2018.02.23"]
[SourceQuality "1"]

1. d4 Nf6 2. Nf3 g6 3. e3 Bg7 4. c4 0-0 5. Nc3 d6 6. Be2 Nbd7 7. 0-0 e5 8. Qc2 c6 9. Rd1 Qe7 10. b4 Re8 11. a4 d5 12. cxd5 Nxd5 13. Nxd5 cxd5 14. Ba3 e4 15. b5 Qd8 16. Nd2 Nf8 17. Rac1 Ne6 18. Bb2 Bf8 19. Qb3 b6 20. Nb1 Bb7 21. Rc3 Qd7 22. Rdc1 Rec8 23. Bd1 Rxc3 24. Nxc3 Rc8 25. Qa2 Bb4 26. Bb3 Rd8 27. Ba3 Bxa3 28. Qxa3 Nc7 29. Qb4 Qd6 30. Qxd6 Rxd6 31. Nxe4 Nxb5 32. Nxd6 Nxd6 33. Rc7 Ba8 34. Rd7 1-0

[Event "VEN-ch (Women)"]
[Site "Santo Domingo"]
[Date "2018.01.13"]
[Round "9"]
[White "Duran Reina, Luisa Elena"]
[Black "Rovira Contreras, Tairu Manuela"]
[Result "0-1"]
[WhiteElo "1917"]
[BlackElo "2061"]
[PlyCount "92"]
[EventDate "2018.01.09"]
[EventType "tourn"]
[EventRounds "11"]
[EventCountry "VEN"]
[SourceTitle "CBM 182 Extra"]
[Source "ChessBase"]
[SourceDate "2018.02.23"]
[SourceVersion "1"]
[SourceVersionDate "2018.02.23"]
[SourceQuality "1"]

1. d4 Nf6 2. c4 g6 3. Nc3 Bg7 4. e4 d6 5. Be2 0-0 6. Nf3 e5 7. 0-0 Nc6 8. d5 Ne7 9. Ne1 Ne8 10. Be3 f5 11. f3 f4 12. Bf2 g5 13. b4 Rf7 14. c5 Bf8 15. Rc1 Rg7 16. a4 h5 17. cxd6 cxd6 18. Nb5 g4 19. fxg4 hxg4 20. g3 f3 21. Bd3 a6 22. Na3 Bd7 23. Be3 Rg6 24. a5 Nc8 25. Qd2 Be7 26. Rf2 Rb8 27. Bf1 Nf6 28. Qc2 Rg7 29. Qc7 Qxc7 30. Rxc7 Bd8 31. Rc4 b5 32. Rc1 Nxe4 33. Rb2 Ne7 34. Bd3 Nf6 35. Bh6 Rf7 36. Bg5 Nexd5 37. Nb1 e4 38. Bc2 e3 39. Nd3 Rc8 40. Nf4 Nxf4 41. Bxf4 Nd5 42. Bxd6 Bf6 43. Rb3 e2 44. Kf2 Bd4+ 45. Ke1 f2+ 46. Kxe2 Rxc2+ 0-1

[Event "VEN-ch (Women)"]
[Site "Santo Domingo"]
[Date "2018.01.13"]
[Round "8"]
[White "Rovira Contreras, Tairu Manuela"]
[Black "Ramirez Vergara, Jemmily"]
[Result "1-0"]
[WhiteElo "2061"]
[BlackElo "1762"]
[PlyCount "89"]
[EventDate "2018.01.09"]
[EventType "tourn"]
[EventRounds "11"]
[EventCountry "VEN"]
[SourceTitle "CBM 182 Extra"]
[Source "ChessBase"]
[SourceDate "2018.02.23"]
[SourceVersion "1"]
[SourceVersionDate "2018.02.23"]
[SourceQuality "1"]

1. d4 e6 2. c4 d5 3. Nf3 f5 4. e3 Nf6 5. Bd3 c6 6. 0-0 Bd6 7. Qc2 Ne4 8. b3 0-0 9. Ba3 Rf6 10. Bxd6 Qxd6 11. Ne5 Nd7 12. f4 Rh6 13. Bxe4 fxe4 14. Nc3 Qe7 15. Rad1 Nf6 16. Rd2 Nh5 17. g4 Nf6 18. g5 Rh4 19. gxf6 gxf6 20. Rg2+ Kh8 21. Ng4 e5 22. Qe2 h5 23. Nf2 exd4 24. exd4 e3 25. Kh1 Bf5 26. Rg3 Re8 27. Nfd1 Be4+ 28. Kg1 Rg8 29. Qxe3 Rxg3+ 30. hxg3 Rh1+ 31. Kf2 Rh2+ 32. Ke1 Qb4 33. Nf2 f5 34. Nfxe4 dxe4 35. Rf2 Rh1+ 36. Ke2 b5 37. cxb5 cxb5 38. d5 a6 39. Qd2 Qd6 40. Nd1 Qg6 41. Qc3+ Kh7 42. Qc7+ Kh8 43. Qc8+ Kh7 44. Ne3 Qf6 45. Qxf5+ 1-0

[Event "VEN-ch (Women)"]
[Site "Merida"]
[Date "2016.02.25"]
[Round "7"]
[White "Patino Garcia, Corals"]
[Black "Rovira Contreras, Tairu Manuela"]
[Result "1/2-1/2"]
[WhiteElo "1923"]
[BlackElo "2105"]
[PlyCount "96"]
[EventDate "2016.02.21"]
[EventType "tourn"]
[EventRounds "11"]
[EventCountry "VEN"]
[SourceTitle "CBM 171 Extra"]
[Source "ChessBase"]
[SourceDate "2016.04.26"]
[SourceVersion "1"]
[SourceVersionDate "2016.04.26"]
[SourceQuality "1"]

1. d4 Nf6 2. c4 e6 3. Nc3 Bb4 4. Qc2 d5 5. cxd5 exd5 6. Bg5 c6 7. e3 Bd6 8. Bd3 h6 9. Bh4 Qe7 10. Bxf6 Qxf6 11. Nxd5 Qg5 12. Be4 Na6 13. Nc3 Be6 14. Nge2 f5 15. Bf3 0-0 16. a3 Nc7 17. Rd1 Rad8 18. g3 Qf6 19. Na4 Nd5 20. Nc5 Bc8 21. Qb3 Qf7 22. 0-0 Nf6 23. Qxf7+ Kxf7 24. Nd3 Rfe8 25. Nef4 g5 26. Ne2 h5 27. Kh1 h4 28. gxh4 g4 29. Bg2 Rh8 30. Nef4 Rxh4 31. Ne5+ Kg7 32. Kg1 Re8 33. h3 gxh3 34. Bxh3 Nd5 35. Nf3 Nxf4 36. Nxh4 Nxh3+ 37. Kg2 Ng5 38. d5 c5 39. Nf3 Ne4 40. Nd2 b5 41. Nxe4 Rxe4 42. Kf3 Bb7 43. Rd2 Kf6 44. Rh1 Kg7 45. Rg1+ Kf7 46. Rh1 Kg7 47. Rg1+ Kf7 48. Rh1 Kg7 1/2-1/2

[Event "VEN-ch (Women)"]
[Site "Merida"]
[Date "2016.02.23"]
[Round "4"]
[White "Rovira Contreras, Tairu Manuela"]
[Black "Montilla Reyes, Jorcerys"]
[Result "0-1"]
[WhiteElo "2105"]
[BlackElo "2139"]
[PlyCount "62"]
[EventDate "2016.02.21"]
[EventType "tourn"]
[EventRounds "11"]
[EventCountry "VEN"]
[SourceTitle "CBM 171 Extra"]
[Source "ChessBase"]
[SourceDate "2016.04.26"]
[SourceVersion "1"]
[SourceVersionDate "2016.04.26"]
[SourceQuality "1"]

1. d4 d5 2. c4 c6 3. Nf3 Nf6 4. Nc3 e6 5. Bg5 Nbd7 6. e3 Bb4 7. Bh4 Qa5 8. Qb3 Ne4 9. Rc1 Nb6 10. a3 Bxc3+ 11. bxc3 dxc4 12. Qb4 Qxb4 13. cxb4 a5 14. Bxc4 Nxc4 15. Rxc4 axb4 16. Rxb4 Rxa3 17. 0-0 f6 18. Bg3 Kd7 19. Rc1 h5 20. Rb2 g5 21. Ne1 h4 22. Bb8 Nc3 23. h3 b6 24. Rbc2 Ba6 25. Rxc3 Rxc3 26. Rxc3 Rxb8 27. Nc2 Ra8 28. e4 Bb5 29. f3 Ra2 30. Ne3 Rd2 31. Ng4 Ke7 0-1